| 000 | 01091nam a2200229 a 4500 | ||
|---|---|---|---|
| 001 | 000030709 | ||
| 005 | 20240409073642.0 | ||
| 008 | 110526t1956 dr ac 000 0bspa d | ||
| 040 |
_aDO-SdBNP _bspa _cBNPHU |
||
| 082 |
_a923.17293053 _bT866v |
||
| 100 | 1 |
_aVega y Pagán, Ernesto _957173 |
|
| 245 | 1 | 0 |
_aBiografía militar del generalísimo doctor Rafael Leónidas Trujillo Molina : _bbenefactor de la patria y padre de la patria nueva, comandante en Jefe de las Fuerzas Armadas de la nación / _cErnesto Vega y Pagán ; prólogo Rafael A. Espaillat. |
| 246 | 1 | 5 | _aBiografía militar del generalísimo Dr. Rafael L. Trujillo Molina |
| 260 |
_aCiudad Trujillo, República Dominicana : _bAtenas, _c1956. |
||
| 300 |
_a155 p. : _bil., retrs. ; _c24 cm. |
||
| 504 | _aIncluye bibliografía y notas al pie de páginas. | ||
| 600 | 1 | 0 |
_aTrujillo Molina, Rafael Leónidas, _d 1891-1961 _976764 |
| 650 | 4 |
_aFuerzas armadas _xActividad política _yERA DE TRUJILLO, 1930-1961 _957174 |
|
| 700 | 1 |
_aEspaillat, Rafael A., _epról. _957176 |
|
| 910 | _aValidado. Control de calidad EMS. | ||
| 049 | _aBNPD | ||
| 999 |
_c30201 _d30201 |
||